000
00257nam a22001217a 4500
008
170216b xxu||||| |||| 00| 0 eng d
041
_a
eng
080
_2
16TH
_a
61
100
_a
4
101
_a
SHM
245
_a
THE MERCK MANUAL
_c
BERKOW, R
942
_2
udc
_c
BK
999
_c
5678
_d
5678